[Event "Junior Online 4NCL Division 2"]
[Site "online"]
[Date "2021.04.01"]
[EventDate "2021.04.01"]
[Round "6.44"]
[White "Freuler-Simons, Matthew"]
[WhiteElo "1000"]
[WhiteTeam "Border Bandits 1"]
[Black "Hariharan, Shambavi"]
[BlackElo "1434"]
[BlackTeam "Maid Marians"]
[Result "0-1"]
[PlyCount "74"]

1. e4 c6 2. Qf3 d5 3. Nc3 e6 4. d3 Nf6 5. Bg5 h6 6. Bxf6 Qxf6 7. Qxf6 gxf6 8. d4 Bb4 9. O-O-O Bxc3 10. bxc3 dxe4 11. h4 f5 12. g3 Nd7 13. Bc4 Nb6 14. Bb3 a5 15. Ne2 a4 16. Bc4 Nxc4 17. Nf4 b5 18. Nh5 Ke7 19. Rhf1 Rg8 20. f3 Ne3 21. fxe4 Nxd1 22. Kxd1 fxe4 23. Nf6 Rxg3 24. Nxe4 Re3 25. Nc5 Rxc3 26. Ne4 Ra3 27. c3 Rxa2 28. Rf6 Bd7 29. Rxh6 Rg8 30. Nd2 Rg1+ 31. Ke2 Rg2+ 32. Kd3 Raxd2+ 33. Ke3 a3 34. h5 a2 35. Rh8 a1=Q 36. h6 Rgf2 37. Ke4 Qe1# {[W: 0:05:21; B: 0:03:05]} 0-1

[Event "Junior Online 4NCL Division 2"]
[Site "online"]
[Date "2021.04.01"]
[EventDate "2021.04.01"]
[Round "6.45"]
[White "Brown, Kingsley"]
[WhiteElo "1336"]
[WhiteTeam "Border Bandits 1"]
[Black "Maladkar, Lavanya"]
[BlackElo "1719"]
[BlackTeam "Maid Marians"]
[Result "0-1"]
[PlyCount "116"]

1. e4 c5 2. Nf3 d6 3. d4 cxd4 4. Nxd4 Nc6 5. Nxc6 bxc6 6. Nc3 g6 7. Bf4 Bg7 8. Qd3 Rb8 9. O-O-O Be6 10. Kb1 Qa5 11. Kc1 Qb4 12. Be2 Qxb2+ 13. Kd2 Bxc3+ 14. Qxc3 Nf6 15. Qxc6+ Bd7 16. Qc4 Rb4 17. Qa6 Nxe4+ 18. Ke1 O-O 19. Qxa7 Qc3+ 20. Bd2 Nxd2 21. Rxd2 Rb1+ 22. Bd1 Bg4 23. f3 Bf5 24. Ke2 Rfb8 25. Qxe7 Qc4+ 26. Kf2 Qc5+ 27. Qe3 Qxe3+ 28. Kxe3 R1b2 29. g4 Be6 30. a3 Ra8 31. Rd3 Bc4 32. Rxd6 Rxa3+ 33. Kf2 Ra1 34. Re1 Bb3 35. Rd8+ Kg7 36. Rd2 Raa2 37. Ree2 Bc4 38. Re4 Be6 39. Red4 Ra1 40. Ke2 Kf6 41. c3 Rbb1 42. Rd6 Ke5 43. Kf2 Rc1 44. R6d3 Bc4 45. Re3+ Kf6 46. Rd6+ Kg7 47. Be2 Bxe2 48. Kxe2 Rh1 49. c4 Rxh2+ 50. Kd3 Rd1+ 51. Ke4 Rxd6 52. c5 Rdd2 53. c6 Rc2 54. Kd5 Rhd2+ 55. Ke5 Rxc6 56. Kf4 Rf6+ 57. Kg3 g5 58. Re7 Kg6 {[W: 0:00:23; B: 0:00:57]} 0-1

[Event "Junior Online 4NCL Division 2"]
[Site "online"]
[Date "2021.04.01"]
[EventDate "2021.04.01"]
[Round "6.46"]
[White "Wang, Susie"]
[WhiteElo "1760"]
[WhiteTeam "Maid Marians"]
[Black "Sapsford, Oliver"]
[BlackElo "1237"]
[BlackTeam "Border Bandits 1"]
[Result "1-0"]
[PlyCount "63"]

1. e4 e6 2. d4 d5 3. Nc3 Nf6 4. e5 Nfd7 5. Nce2 c5 6. c3 Nc6 7. f4 Qb6 8. Nf3 Be7 9. g3 Nf8 10. Bg2 Ng6 11. O-O O-O 12. Kh1 f6 13. Qc2 fxe5 14. fxe5 cxd4 15. cxd4 Bd7 16. Bd2 Rac8 17. Qd3 Nb4 18. Qb3 Bd8 19. Qxb4 Qxb4 20. Bxb4 Rf7 21. Rac1 a5 22. Rxc8 Bxc8 23. Bd6 b6 24. Rc1 Ba6 25. Nc3 Bc7 26. Nb5 Bxd6 27. Nxd6 Rf8 28. Ng5 h6 29. Nxe6 Ra8 30. Rc7 Kh8 31. Rxg7 Nf8 32. Nf7# {[W: 0:06:35; B: 0:07:25]} 1-0

[Event "Junior Online 4NCL Division 2"]
[Site "online"]
[Date "2021.04.01"]
[EventDate "2021.04.01"]
[Round "6.48"]
[White "Hariharan, Shambavi"]
[WhiteElo "1434"]
[WhiteTeam "Maid Marians"]
[Black "Freuler-Simons, Matthew"]
[BlackElo "1000"]
[BlackTeam "Border Bandits 1"]
[Result "1-0"]
[PlyCount "61"]

1. d4 g6 2. Nc3 Nh6 3. Bf4 Nf5 4. Nb5 e6 5. Nxc7+ Ke7 6. Nxa8 Qa5+ 7. c3 Nc6 8. e3 d6 9. Bd3 Nh4 10. Qg4 Nf5 11. Bxf5 exf5 12. Qg3 b6 13. Bxd6+ Ke8 14. Nc7+ Kd7 15. Bxf8 Rxf8 16. Nf3 h6 17. a4 g5 18. Nb5 f4 19. exf4 gxf4 20. Qxf4 f6 21. Qd6+ Ke8 22. O-O Ne7 23. Rfe1 Rf7 24. Re3 Qa6 25. Nc7+ Kf8 26. Nxa6 Bxa6 27. Rae1 Rg7 28. Nh4 Rg4 29. Qxe7+ Kg8 30. Qe8+ Kg7 31. Re7# {[W: 0:01:55; B: 0:03:36]} 1-0

[Event "Junior Online 4NCL Division 2"]
[Site "online"]
[Date "2021.04.01"]
[EventDate "2021.04.01"]
[Round "6.51"]
[White "Shah, Prem"]
[WhiteElo "1171"]
[WhiteTeam "Watford Juniors C"]
[Black "Jayaprakash, Shravan"]
[BlackElo "1439"]
[BlackTeam "Uxbridge Juniors Arsenal"]
[Result "1-0"]
[PlyCount "57"]

1. e4 e5 2. f4 exf4 3. Nf3 Nc6 4. Bb5 d6 5. d4 Bd7 6. Bxc6 Bxc6 7. Nc3 Nf6 8. Qd3 Be7 9. Bxf4 O-O 10. O-O Qe8 11. e5 dxe5 12. Bxe5 Bxf3 13. Qxf3 Nd7 14. Bxc7 g6 15. Qxb7 Qc8 16. Qe4 Bb4 17. Nd5 Bd2 18. Ne7+ Kg7 19. Nxc8 Raxc8 20. Be5+ Nxe5 21. Qxe5+ Kg8 22. Rad1 Bh6 23. Rf3 Bg7 24. Qg3 Rxc2 25. Ra3 Rxb2 26. Rxa7 Rd8 27. Qc7 Rxd4 28. Qxf7+ Kh8 29. Qxg7# {[W: 0:07:41; B: 0:00:46]} 1-0

[Event "Junior Online 4NCL Division 2"]
[Site "online"]
[Date "2021.04.01"]
[EventDate "2021.04.01"]
[Round "6.52"]
[White "Gauri, Dhairye"]
[WhiteElo "1369"]
[WhiteTeam "Uxbridge Juniors Arsenal"]
[Black "Holland, Nicolas"]
[BlackElo "1154"]
[BlackTeam "Watford Juniors C"]
[Result "1-0"]
[PlyCount "35"]

1. e4 e6 2. d4 d5 3. exd5 exd5 4. Nc3 Nf6 5. Bg5 Nc6 6. Bb5 Bb4 7. Ne2 O-O 8. O-O Bxc3 9. Nxc3 a6 10. Ba4 b5 11. Bb3 Nb4 12. a3 Nc6 13. Nxd5 Qd6 14. Nxf6+ gxf6 15. Bh6 Re8 16. Qh5 Nxd4 17. Qxf7+ Kh8 18. Qg7# {[W: 0:07:11; B: 0:03:36]} 1-0

[Event "Junior Online 4NCL Division 2"]
[Site "online"]
[Date "2021.04.01"]
[EventDate "2021.04.01"]
[Round "6.53"]
[White "Karthik, Trivikraman"]
[WhiteElo "670"]
[WhiteTeam "Watford Juniors C"]
[Black "Knight, Samuel"]
[BlackElo "1392"]
[BlackTeam "Uxbridge Juniors Arsenal"]
[Result "1-0"]
[PlyCount "46"]

1. d4 e6 2. Bf4 d5 3. e3 c5 4. Nf3 Nc6 5. Be2 cxd4 6. Nxd4 Bd6 7. Bxd6 Qxd6 8. c4 dxc4 9. Qa4 Bd7 10. Nb5 Qb4+ 11. Qxb4 Nxb4 12. Nc7+ Ke7 13. Nxa8 Nc2+ 14. Kd2 Nxa1 15. Nc3 a6 16. Nb6 Nb3+ 17. axb3 cxb3 18. Bf3 Nf6 19. Bxb7 Rb8 20. Nxd7 Rxb7 21. Nc5 Rc7 22. Nxa6 Ra7 23. Nc5 Ra2 {[W: 0:04:07; B: 0:09:14]} 1-0

[Event "Junior Online 4NCL Division 2"]
[Site "online"]
[Date "2021.04.01"]
[EventDate "2021.04.01"]
[Round "6.55"]
[White "Jayaprakash, Shravan"]
[WhiteElo "1439"]
[WhiteTeam "Uxbridge Juniors Arsenal"]
[Black "Shah, Prem"]
[BlackElo "1171"]
[BlackTeam "Watford Juniors C"]
[Result "0-1"]
[PlyCount "50"]

1. e4 c6 2. Nc3 d5 3. exd5 cxd5 4. Nf3 Nc6 5. d4 Bg4 6. Bb5 Qb6 7. Bxc6+ Qxc6 8. h3 Bf5 9. O-O Nf6 10. Ne5 Qa6 11. Bg5 Ne4 12. Nxd5 Qd6 13. c4 Nxg5 14. Qh5 h6 15. f4 g6 16. Qe2 Ne4 17. g4 Ng3 18. Qe3 Nxf1 19. Rxf1 Be6 20. f5 gxf5 21. gxf5 Bxd5 22. cxd5 Qxd5 23. f6 e6 24. Nd3 Rg8+ 25. Kh2 Qg2# {[W: 0:08:08; B: 0:07:12]} 0-1

[Event "Junior Online 4NCL Division 2"]
[Site "online"]
[Date "2021.04.01"]
[EventDate "2021.04.01"]
[Round "6.56"]
[White "Holland, Nicolas"]
[WhiteElo "1154"]
[WhiteTeam "Watford Juniors C"]
[Black "Gauri, Dhairye"]
[BlackElo "1369"]
[BlackTeam "Uxbridge Juniors Arsenal"]
[Result "0-1"]
[PlyCount "34"]

1. e4 e5 2. Nf3 Nc6 3. Bb5 a6 4. Bxc6 dxc6 5. Nxe5 Qd4 6. Nd3 Qxe4+ 7. Kf1 Be6 8. Nc3 Qg6 9. Ne5 Qf6 10. d4 O-O-O 11. b4 Bxb4 12. Bd2 Rxd4 13. Be3 Rxd1+ 14. Rxd1 Bxc3 15. Nf3 Bc4+ 16. Kg1 Be2 17. Rb1 Bxf3 {[W: 0:04:04; B: 0:04:31]} 0-1

[Event "Junior Online 4NCL Division 2"]
[Site "online"]
[Date "2021.04.01"]
[EventDate "2021.04.01"]
[Round "6.57"]
[White "Knight, Samuel"]
[WhiteElo "1392"]
[WhiteTeam "Uxbridge Juniors Arsenal"]
[Black "Karthik, Trivikraman"]
[BlackElo "670"]
[BlackTeam "Watford Juniors C"]
[Result "0-1"]
[PlyCount "45"]

1. d4 d5 2. Bf4 Bf5 3. e3 e6 4. Bd3 Bxd3 5. Qxd3 Bd6 6. Bg3 Nc6 7. c3 Qg5 8. Nf3 Qg4 9. Nbd2 Qg6 10. Qxg6 hxg6 11. O-O-O Kd7 12. e4 Bxg3 13. hxg3 Nf6 14. exd5 exd5 15. Rxh8 Rxh8 16. Nb3 b6 17. Ng5 Re8 18. Nxf7 Ne4 19. f3 Nxg3 20. Nd2 Re2 21. Rg1 Re7 22. Ng5 Ne2+ 23. Kc2 {[W: 0:05:31; B: 0:03:23]} 0-1

[Event "Junior Online 4NCL Division 2"]
[Site "online"]
[Date "2021.04.01"]
[EventDate "2021.04.01"]
[Round "6.61"]
[White "Murawski, Jan"]
[WhiteElo "1497"]
[WhiteTeam "Ojays C"]
[Black "Truscott, Philip E"]
[BlackElo "1501"]
[BlackTeam "Harrow Juniors B"]
[Result "1-0"]
[PlyCount "51"]

1. d4 d5 2. c4 e6 3. Nc3 c5 4. cxd5 cxd4 5. Qxd4 Nc6 6. Qd1 exd5 7. Nf3 Bb4 8. Bd2 Nf6 9. e3 O-O 10. Be2 d4 11. Nxd4 Nxd4 12. exd4 Qxd4 13. O-O Bf5 14. a3 Ba5 15. b4 Bb6 16. Nb5 Qd5 17. Bc3 Qxd1 18. Raxd1 Ne4 19. Bb2 Rfd8 20. Nd4 Bg6 21. Bf3 Rac8 22. Rfe1 Nd6 23. Bg4 Rc4 24. Nb5 Nxb5 25. Rxd8+ Bxd8 26. Re8# {[W: 0:03:17; B: 0:07:30]} 1-0

[Event "Junior Online 4NCL Division 2"]
[Site "online"]
[Date "2021.04.01"]
[EventDate "2021.04.01"]
[Round "6.63"]
[White "Li, Reya"]
[WhiteElo "1468"]
[WhiteTeam "Ojays C"]
[Black "Jayakumar, Bharath"]
[BlackElo "1478"]
[BlackTeam "Harrow Juniors B"]
[Result "0-1"]
[PlyCount "69"]

1. e4 c5 2. d4 cxd4 3. c3 Nf6 4. e5 Nd5 5. cxd4 d6 6. Nf3 e6 7. Bc4 Nb6 8. Bb3 Be7 9. Nc3 Nc6 10. Bf4 d5 11. Rc1 g5 12. Be3 Na5 13. Ba4+ Nxa4 14. Qxa4+ Bd7 15. Qc2 Nc4 16. b3 Nxe3 17. fxe3 g4 18. Nd2 Rg8 19. g3 h5 20. Ne2 h4 21. Qh7 Rf8 22. Nf4 Bb5 23. Nh5 Bg5 24. Kf2 Ke7 25. Nf4 Rh8 26. Ng6+ Kd7 27. Qxf7+ Be7 28. Nxh8 Qxh8 29. a4 Rf8 30. Qxf8 Qxf8+ 31. Kg2 h3+ 32. Kg1 Ba6 33. Rc2 Bb4 34. Rb2 Bxd2 35. Rxd2 {[W: 0:01:00; B: 0:02:37]} 0-1

[Event "Junior Online 4NCL Division 2"]
[Site "online"]
[Date "2021.04.01"]
[EventDate "2021.04.01"]
[Round "6.64"]
[White "Evans, Daniel"]
[WhiteElo "1334"]
[WhiteTeam "Harrow Juniors B"]
[Black "Masacorale, Jamie"]
[BlackElo "1408"]
[BlackTeam "Ojays C"]
[Result "1-0"]
[PlyCount "51"]

1. e4 c5 2. b4 cxb4 3. a3 bxa3 4. Bxa3 d6 5. c4 Nc6 6. d4 Nf6 7. Nc3 Bg4 8. f3 Bd7 9. Nge2 g6 10. c5 dxc5 11. Bxc5 Bg7 12. d5 Nb8 13. Rxa7 Rxa7 14. Bxa7 Na6 15. Qb3 Qc7 16. Nb5 Bxb5 17. Qxb5+ Qd7 18. Qxd7+ Nxd7 19. Nf4 O-O 20. Bb5 Ne5 21. O-O Ra8 22. Be3 Nc7 23. Be2 Re8 24. Rc1 Na8 25. Bb5 Rc8 26. Rxc8+ {[W: 0:08:03; B: 0:08:30]} 1-0

[Event "Junior Online 4NCL Division 2"]
[Site "online"]
[Date "2021.04.01"]
[EventDate "2021.04.01"]
[Round "6.65"]
[White "Truscott, Philip E"]
[WhiteElo "1501"]
[WhiteTeam "Harrow Juniors B"]
[Black "Murawski, Jan"]
[BlackElo "1497"]
[BlackTeam "Ojays C"]
[Result "0-1"]
[PlyCount "56"]

1. e4 e5 2. Nf3 Nc6 3. Bc4 Bc5 4. b4 Bxb4 5. c3 Ba5 6. d4 exd4 7. Nxd4 Nge7 8. O-O O-O 9. Be3 d5 10. exd5 Nxd5 11. Nxc6 bxc6 12. Bd4 Be6 13. Nd2 Nxc3 14. Bxc3 Bxc3 15. Bxe6 Bxa1 16. Bb3 Bf6 17. Ne4 Qxd1 18. Rxd1 Rad8 19. Nxf6+ gxf6 20. h3 Rxd1+ 21. Bxd1 Rb8 22. Bf3 Rb2 23. a4 c5 24. Bc6 c4 25. Kf1 c3 26. Ke1 Rb6 27. Bb5 Rd6 28. Ke2 c2 {[W: 0:08:39; B: 0:06:13]} 0-1

[Event "Junior Online 4NCL Division 2"]
[Site "online"]
[Date "2021.04.01"]
[EventDate "2021.04.01"]
[Round "6.67"]
[White "Jayakumar, Bharath"]
[WhiteElo "1478"]
[WhiteTeam "Harrow Juniors B"]
[Black "Li, Reya"]
[BlackElo "1468"]
[BlackTeam "Ojays C"]
[Result "1-0"]
[PlyCount "103"]

1. e4 d5 2. exd5 Qxd5 3. d4 Nf6 4. Nc3 Qa5 5. Nf3 c6 6. Bd2 Qc7 7. Be2 Bf5 8. Bg5 Nbd7 9. d5 cxd5 10. Nd4 Bg6 11. Ndb5 Qc5 12. Be3 Qc6 13. Nxa7 Rxa7 14. Bxa7 b6 15. Bb5 Qc7 16. Bxd7+ Nxd7 17. Nb5 Qb7 18. Qxd5 Qxd5 19. Nc7+ Kd8 20. Nxd5 e6 21. Nxb6 Bxc2 22. Nxd7 Bb4+ 23. Ke2 Kxd7 24. Rac1 Be4 25. Rhd1+ Ke7 26. Rc7+ Kf6 27. Bd4+ Kg6 28. Be3 h6 29. Rc4 Bd5 30. Rxb4 Rc8 31. Rg4+ Kh7 32. Bd4 f6 33. Bc3 Bxa2 34. Ra1 Bc4+ 35. Ke3 Rd8 36. Rd4 Bd5 37. Ra7 Rc8 38. Rg4 Rg8 39. Bxf6 Kh8 40. Bxg7+ Rxg7 41. Raxg7 h5 42. R4g5 Bc4 43. R7g6 Kh7 44. Rf6 Bd5 45. Rxh5+ Kg7 46. Rfh6 Kg8 47. Rh8+ Kg7 48. R5h7+ Kg6 49. Ra7 Bc4 50. h4 Kf6 51. Rh6+ Kf5 52. Ra5+ {[W: 0:08:33; B: 0:05:56]} 1-0

[Event "Junior Online 4NCL Division 2"]
[Site "online"]
[Date "2021.04.01"]
[EventDate "2021.04.01"]
[Round "6.68"]
[White "Masacorale, Jamie"]
[WhiteElo "1408"]
[WhiteTeam "Ojays C"]
[Black "Evans, Daniel"]
[BlackElo "1334"]
[BlackTeam "Harrow Juniors B"]
[Result "0-1"]
[PlyCount "100"]

1. d4 f5 2. Nf3 Nf6 3. c4 e6 4. Nc3 d6 5. Bg5 h6 6. Bh4 g5 7. Bxg5 hxg5 8. Nxg5 Bh6 9. Nf3 Nbd7 10. e3 b6 11. Bd3 Bb7 12. Rg1 Qe7 13. h3 O-O-O 14. Qc2 Rdg8 15. O-O-O Bxf3 16. gxf3 d5 17. cxd5 exd5 18. Bxf5 Rxg1 19. Rxg1 Bxe3+ 20. Kb1 Bxd4 21. Rd1 Bxc3 22. Qxc3 Rh5 23. Re1 Qd6 24. Re6 d4 25. Rxd6 dxc3 26. Rxf6 cxb2 27. Kxb2 Kd8 28. Bxd7 Kxd7 29. Rf7+ Kc6 30. Rf6+ Kb7 31. Kc3 Rxh3 32. Kd3 b5 33. Ke4 Rh4+ 34. f4 a5 35. Kd5 Rh5+ 36. Ke6 b4 37. f5 a4 38. Rg6 Rh2 39. Rg4 c5 40. Rf4 b3 41. axb3 axb3 42. f6 b2 43. f7 Rh6+ 44. Kd5 Rh8 45. f8=Q Rxf8 46. Rxf8 b1=Q 47. Kxc5 Qc2+ 48. Kd5 Qd3+ 49. Ke5 Qb5+ 50. Ke4 Qb4+ {[W: 0:07:41; B: 0:01:06]} 0-1

[Event "Junior Online 4NCL Division 2"]
[Site "online"]
[Date "2021.04.01"]
[EventDate "2021.04.01"]
[Round "6.71"]
[White "Crewe, Ben"]
[WhiteElo "1017"]
[WhiteTeam "Rhodes Avenue Knights"]
[Black "Miller, Kai"]
[BlackElo "1231"]
[BlackTeam "Warwickshire Bears E"]
[Result "0-1"]
[PlyCount "60"]

1. d4 Nf6 2. c4 d6 3. Nc3 g6 4. e4 Bg7 5. f4 Nbd7 6. Nf3 c5 7. dxc5 Nxc5 8. Be3 Ncxe4 9. Nxe4 Nxe4 10. Bd3 Nf6 11. O-O O-O 12. h3 Re8 13. Qb3 e5 14. fxe5 dxe5 15. Rad1 Qc7 16. Be2 Bf5 17. Bd3 Bxd3 18. Rxd3 e4 19. Rdd1 exf3 20. Rxf3 Rad8 21. Rxd8 Rxd8 22. Bg5 Qe5 23. Bf4 Qe1+ 24. Kh2 Rd1 25. Qxb7 Qh1+ 26. Kg3 Nh5+ 27. Kh4 Bf6+ 28. Kg4 Qxg2+ 29. Bg3 Rd4+ 30. Rf4 Qxg3# {[W: 0:04:25; B: 0:07:52]} 0-1

[Event "Junior Online 4NCL Division 2"]
[Site "online"]
[Date "2021.04.01"]
[EventDate "2021.04.01"]
[Round "6.72"]
[White "Gibara, Astrid"]
[WhiteElo "1246"]
[WhiteTeam "Warwickshire Bears E"]
[Black "Balsys, Leo"]
[BlackElo "990"]
[BlackTeam "Rhodes Avenue Knights"]
[Result "1-0"]
[PlyCount "89"]

1. e4 e5 2. Nf3 Nc6 3. Nc3 Nf6 4. d4 exd4 5. Nxd4 Nxd4 6. Qxd4 d6 7. e5 dxe5 8. Qxe5+ Be7 9. Bd3 O-O 10. Be3 Ng4 11. Qg3 Be6 12. O-O-O c5 13. Bxh7+ Kxh7 14. Rxd8 Rfxd8 15. b3 c4 16. h3 Nxe3 17. Qxe3 Rac8 18. Nb5 cxb3 19. axb3 a6 20. Nd4 Ba3+ 21. Kb1 Bd5 22. f3 Rd7 23. c4 Bxc4 24. bxc4 Rxc4 25. Qd3+ g6 26. Qxc4 Re7 27. g4 b5 28. Qa2 Bc5 29. Nc6 Rc7 30. Qxa6 f5 31. Qxb5 fxg4 32. Qxc5 gxf3 33. Qe7+ Rxe7 34. Nxe7 f2 35. Rf1 Kg7 36. Rxf2 Kh6 37. Kc2 Kh5 38. Kd3 g5 39. Ke4 Kh4 40. Rg2 g4 41. Rxg4+ Kxh3 42. Rg8 Kh2 43. Kf3 Kh1 44. Kf2 Kh2 45. Rh8# {[W: 0:08:32; B: 0:10:36]} 1-0

[Event "Junior Online 4NCL Division 2"]
[Site "online"]
[Date "2021.04.01"]
[EventDate "2021.04.01"]
[Round "6.73"]
[White "Bolt, James"]
[WhiteElo "900"]
[WhiteTeam "Rhodes Avenue Knights"]
[Black "Xia, Weiquan"]
[BlackElo "1209"]
[BlackTeam "Warwickshire Bears E"]
[Result "0-1"]
[PlyCount "54"]

1. e4 Nc6 2. d4 d5 3. exd5 Qxd5 4. Nc3 Qxd4 5. Bd3 e6 6. Nf3 Qd8 7. Be3 Nf6 8. O-O Bd6 9. Re1 O-O 10. Ne4 Nxe4 11. Bxe4 Be7 12. Bd2 e5 13. Nd4 Qxd4 14. Bxh7+ Kxh7 15. Qh5+ Kg8 16. Bc3 Qh4 17. Qf3 Qf6 18. Kf1 Qxf3 19. gxf3 Bd6 20. Ke2 Nd4+ 21. Bxd4 exd4 22. c3 Re8+ 23. Kf1 Rxe1+ 24. Rxe1 Bh3+ 25. Kg1 dxc3 26. Re8+ Rxe8 27. bxc3 Re1# {[W: 0:05:18; B: 0:07:48]} 0-1

[Event "Junior Online 4NCL Division 2"]
[Site "online"]
[Date "2021.04.01"]
[EventDate "2021.04.01"]
[Round "6.74"]
[White "Walker, Jamie"]
[WhiteElo "1233"]
[WhiteTeam "Warwickshire Bears E"]
[Black "Larcombe, Dominic"]
[BlackElo "913"]
[BlackTeam "Rhodes Avenue Knights"]
[Result "1-0"]
[PlyCount "57"]

1. e4 e5 2. Nf3 Nc6 3. Bc4 Bc5 4. d4 Nxd4 5. Ng5 d5 6. Bxd5 Be6 7. Bxb7 Rb8 8. Nxe6 Nxe6 9. Qxd8+ Rxd8 10. Bc6+ Kf8 11. O-O Nf6 12. Nc3 Nf4 13. Bxf4 exf4 14. Rad1 Re8 15. Bxe8 Kxe8 16. a3 Ke7 17. Nd5+ Nxd5 18. exd5 Rd8 19. Rfe1+ Kf6 20. b4 Bb6 21. c4 c5 22. dxc6 Rc8 23. Rd6+ Kg5 24. Re5+ Kg4 25. h3+ Kh4 26. g3+ fxg3 27. c5 gxf2+ 28. Kg2 Bc7 29. Rd4# {[W: 0:09:43; B: 0:08:06]} 1-0

[Event "Junior Online 4NCL Division 2"]
[Site "online"]
[Date "2021.04.01"]
[EventDate "2021.04.01"]
[Round "6.75"]
[White "Miller, Kai"]
[WhiteElo "1231"]
[WhiteTeam "Warwickshire Bears E"]
[Black "Crewe, Ben"]
[BlackElo "1017"]
[BlackTeam "Rhodes Avenue Knights"]
[Result "1-0"]
[PlyCount "49"]

1. e4 e5 2. Nf3 Nc6 3. Bc4 Bc5 4. d3 h6 5. Nc3 Nf6 6. Be3 Bb6 7. O-O d6 8. h3 Be6 9. Bb3 Nd4 10. Qd2 Bxh3 11. Nxd4 Bxd4 12. gxh3 Bxc3 13. bxc3 O-O 14. Kh2 c6 15. Rg1 g6 16. Bxh6 Re8 17. Bg5 Re6 18. Bxe6 fxe6 19. f4 exf4 20. Qxf4 Qf8 21. Bxf6 e5 22. Rxg6+ Kh7 23. Qf5 d5 24. Qh5+ Qh6 25. Qxh6# {[W: 0:09:48; B: 0:07:57]} 1-0

[Event "Junior Online 4NCL Division 2"]
[Site "online"]
[Date "2021.04.01"]
[EventDate "2021.04.01"]
[Round "6.76"]
[White "Balsys, Leo"]
[WhiteElo "990"]
[WhiteTeam "Rhodes Avenue Knights"]
[Black "Gibara, Astrid"]
[BlackElo "1246"]
[BlackTeam "Warwickshire Bears E"]
[Result "0-1"]
[PlyCount "46"]

1. e4 e5 2. Nf3 Nc6 3. Nc3 Nf6 4. d4 exd4 5. Nxd4 d5 6. exd5 Nxd5 7. Nxd5 Qxd5 8. c4 Qxd4 9. Qf3 Bb4+ 10. Ke2 Bg4 11. Be3 Qxb2+ 12. Bd2 Bxf3+ 13. Kxf3 Qxa1 14. c5 Bxd2 15. Bc4 Qxh1 16. Ke2 Qe1+ 17. Kd3 Ne5+ 18. Kd4 O-O-O+ 19. Bd5 Nc6+ 20. Kc4 Qe2+ 21. Kb3 Nd4+ 22. Ka3 Bc3 23. Ka4 Qa6# {[W: 0:07:12; B: 0:09:06]} 0-1

[Event "Junior Online 4NCL Division 2"]
[Site "online"]
[Date "2021.04.01"]
[EventDate "2021.04.01"]
[Round "6.77"]
[White "Xia, Weiquan"]
[WhiteElo "1209"]
[WhiteTeam "Warwickshire Bears E"]
[Black "Bolt, James"]
[BlackElo "900"]
[BlackTeam "Rhodes Avenue Knights"]
[Result "1-0"]
[PlyCount "67"]

1. d4 d5 2. Bf4 Bf5 3. Nc3 Nc6 4. Nf3 Nf6 5. e3 e6 6. Bb5 a6 7. Ba4 b5 8. Bb3 a5 9. a3 b4 10. axb4 axb4 11. Rxa8 Qxa8 12. Ne2 h6 13. Bxc7 Qa7 14. Bg3 Ne4 15. O-O Nxg3 16. Nxg3 Bg4 17. h3 Bh5 18. Nxh5 g6 19. Nf6+ Ke7 20. Ng4 h5 21. Nge5 Na5 22. Qe1 Nxb3 23. Nc6+ Kd7 24. Nxa7 Na5 25. Qa1 Nc4 26. Ne5+ Nxe5 27. dxe5 g5 28. Qa4+ Ke7 29. Nc6+ Kd7 30. Nxb4+ Kc7 31. Qc6+ Kd8 32. Ra1 Bxb4 33. Ra8+ Ke7 34. Qc7# {[W: 0:10:14; B: 0:09:09]} 1-0

[Event "Junior Online 4NCL Division 2"]
[Site "online"]
[Date "2021.04.01"]
[EventDate "2021.04.01"]
[Round "6.78"]
[White "Larcombe, Dominic"]
[WhiteElo "913"]
[WhiteTeam "Rhodes Avenue Knights"]
[Black "Walker, Jamie"]
[BlackElo "1233"]
[BlackTeam "Warwickshire Bears E"]
[Result "0-1"]
[PlyCount "44"]

1. e4 e5 2. Nf3 Nc6 3. Bc4 Nf6 4. Nc3 Bc5 5. d3 d6 6. h3 O-O 7. Bg5 Be6 8. Nd5 Bxd5 9. Bxd5 Bd4 10. Bxc6 bxc6 11. Nxd4 exd4 12. O-O Re8 13. Qf3 d5 14. Qg3 Re6 15. Bh6 Nh5 16. Qg4 Rxh6 17. Qg5 Qxg5 18. exd5 Nf4 19. g3 Rxh3 20. Rae1 Rxg3+ 21. Kh2 Rg2+ 22. Kh1 Qh4# {[W: 0:08:15; B: 0:09:42]} 0-1

[Event "Junior Online 4NCL Division 2"]
[Site "online"]
[Date "2021.04.01"]
[EventDate "2021.04.01"]
[Round "6.81"]
[White "Singh, Aashish"]
[WhiteElo "1400"]
[WhiteTeam "Leicestershire Juniors 2"]
[Black "Stapleton, Dean"]
[BlackElo "1323"]
[BlackTeam "Robin Hoods 1"]
[Result "1-0"]
[PlyCount "37"]

1. e4 e5 2. Nc3 Nc6 3. Bc4 Bc5 4. Qg4 d5 5. Qxg7 dxc4 6. Qxh8 Bxf2+ 7. Kxf2 Qd4+ 8. Ke1 Ne7 9. Nf3 Qb6 10. Nd5 Qd6 11. Nxe7 Kxe7 12. Qxg8 Qc6 13. Qg5+ Ke8 14. Qxe5+ Kf8 15. d3 cxd3 16. Nd4 Qa6 17. cxd3 Qxd3 18. Bh6+ Kg8 19. Qg7# {[W: 0:08:26; B: 0:09:13]} 1-0

[Event "Junior Online 4NCL Division 2"]
[Site "online"]
[Date "2021.04.01"]
[EventDate "2021.04.01"]
[Round "6.82"]
[White "Griffin-Young, Sebastian"]
[WhiteElo "1361"]
[WhiteTeam "Robin Hoods 1"]
[Black "Masood, Rameen"]
[BlackElo "1205"]
[BlackTeam "Leicestershire Juniors 2"]
[Result "0-1"]
[PlyCount "76"]

1. d4 e6 2. Bf4 Nf6 3. Nf3 Nc6 4. e3 d5 5. Bb5 Bd7 6. c4 Bb4+ 7. Nc3 O-O 8. Qc2 Ne4 9. a3 Nxc3 10. bxc3 Ba5 11. cxd5 exd5 12. Ng5 g6 13. h4 Bf5 14. e4 dxe4 15. h5 e3 16. Bd3 exf2+ 17. Kxf2 Bxd3 18. Qxd3 Qf6 19. Kg3 Rae8 20. hxg6 fxg6 21. Raf1 Re7 22. Be5 Qxg5+ 23. Kh2 Nxe5 24. Rxf8+ Kxf8 25. Rf1+ Kg7 26. dxe5 Qh6+ 27. Kg1 Bb6+ 28. Rf2 Bxf2+ 29. Kxf2 Rf7+ 30. Kg1 Qc1+ 31. Kh2 Qf4+ 32. Kg1 Qf2+ 33. Kh1 Rf5 34. Qd7+ Kh6 35. g4 Qf1+ 36. Kh2 Rf2+ 37. Kg3 Qg2+ 38. Kh4 Qh2# {[W: 0:09:00; B: 0:01:02]} 0-1

[Event "Junior Online 4NCL Division 2"]
[Site "online"]
[Date "2021.04.01"]
[EventDate "2021.04.01"]
[Round "6.83"]
[White "Cimurs, Alexander"]
[WhiteElo "1161"]
[WhiteTeam "Leicestershire Juniors 2"]
[Black "Humphreys, Benjamin"]
[BlackElo "1277"]
[BlackTeam "Robin Hoods 1"]
[Result "0-1"]
[PlyCount "20"]

1. e4 e5 2. Nf3 Nf6 3. Nxe5 Nc6 4. Nxc6 dxc6 5. Nc3 Bc5 6. h3 h5 7. d3 Be6 8. Bg5 Qe7 9. Bxf6 Qxf6 10. a3 Qxf2# {[W: 0:09:51; B: 0:09:12]} 0-1

[Event "Junior Online 4NCL Division 2"]
[Site "online"]
[Date "2021.04.01"]
[EventDate "2021.04.01"]
[Round "6.84"]
[White "Tomsett, Jonah"]
[WhiteElo "1274"]
[WhiteTeam "Robin Hoods 1"]
[Black "Norton, Laurence"]
[BlackElo "1056"]
[BlackTeam "Leicestershire Juniors 2"]
[Result "0-1"]
[PlyCount "82"]

1. e4 e5 2. Nf3 Nc6 3. Bc4 Bc5 4. Ng5 Qxg5 5. O-O Qd8 6. Nc3 d6 7. Qe1 Nf6 8. d3 Nd4 9. Be3 Nxc2 10. Qc1 Nxa1 11. Qxa1 Bxe3 12. fxe3 O-O 13. Qe1 h6 14. d4 exd4 15. exd4 Ng4 16. Be2 b6 17. Bxg4 Bxg4 18. h3 Be6 19. Ne2 d5 20. exd5 Qxd5 21. Nc3 Qxd4+ 22. Kh1 Rad8 23. a3 Bc4 24. Rg1 Rfe8 25. Qc1 Qe3 26. Qb1 Qf2 27. Ne4 Qe3 28. Nc3 Bd3 29. Qa1 Be4 30. Nb5 Rd2 31. Nxc7 Rc8 32. Nb5 Rcc2 33. Qf1 Bd3 34. Qa1 Bxb5 35. a4 Bc6 36. Qf1 Rxb2 37. Kh2 Qe5+ 38. Kh1 Qg3 39. a5 Bxg2+ 40. Rxg2 Rxg2 41. Qxg2 Qxg2# {[W: 0:06:24; B: 0:08:52]} 0-1